[Event "World Rapid Team 2023"]
[Site "Dusseldorf GER"]
[Date "2023.08.26"]
[Round "3.5"]
[Board "6"]
[White "Dinesh, Rajan M"]
[Black "Ozols, Andris"]
[Result "1-0"]
[WhiteElo "1904"]
[BlackElo "1490"]
[WhiteTeam "Six-pack"]
[BlackTeam "FIDE Management Board"]
[WhiteFideId "35060600"]
[BlackFideId "11605456"]
[EventDate "2023.08.26"]

1. e4 c5 2. Nf3 d6 3. d4 cxd4 4. Nxd4 Nf6 5. Nc3 g6 6. Be3 Bg7 7. f3 O-O 8. Qd2
Nc6 9. O-O-O d5 10. exd5 Nxd5 11. Nxc6 bxc6 12. Bd4 Bxd4 13. Qxd4 Qb6 14. Na4
Qa5 15. b3 Nb6 16. Qc5 Qxc5 17. Nxc5 e6 18. Rd6 Nd5 19. Rxc6 a5 20. a3 Ne7 21.
Rd6 Nf5 22. Rb6 e5 23. Bd3 Nd4 24. Re1 Re8 25. f4 Be6 26. Rxe5 Rac8 27. Nxe6
Nxe6 28. g3 Kg7 29. Bc4 Nd4 30. Rb7 Rxc4 31. bxc4 Rc8 32. c5 Nf3 33. Ree7 1-0

[Event "World Rapid Team 2023"]
[Site "Dusseldorf GER"]
[Date "2023.08.26"]
[Round "3.6"]
[Board "1"]
[White "Orlov, Andrey"]
[Black "Fromm, Marius"]
[Result "0-1"]
[WhiteTitle "GM"]
[BlackTitle "FM"]
[WhiteElo "2503"]
[BlackElo "2458"]
[WhiteTeam "Duesseldorfer Schachklub 1914/25 e.V."]
[BlackTeam "Doppelbauer Kiel"]
[WhiteFideId "4125282"]
[BlackFideId "12993190"]
[EventDate "2023.08.26"]

1. e4 c5 2. Nf3 d6 3. c3 Nf6 4. Bd3 Nc6 5. Bc2 g6 6. h3 Bg7 7. O-O O-O 8. d4
cxd4 9. cxd4 e5 10. d5 Nb4 11. Bb3 Nxe4 12. Qe1 Nxf2 13. Qxf2 Nd3 14. Qe2 Nxc1
15. Rxc1 f5 16. Nc3 e4 17. Nh2 Bd7 18. Kh1 Rc8 19. Nd1 Qg5 20. Rxc8 Rxc8 21. Ne3
b5 22. Rd1 a5 23. Nef1 Qf6 24. Rb1 a4 25. Bd1 Qd4 26. b3 Qxd5 27. bxa4 bxa4 28.
Ne3 Qc6 29. Qd2 Be6 30. Qb4 Bxa2 31. Bxa4 Qc3 32. Bb3+ Bxb3 33. Qxb3+ Qxb3 34.
Rxb3 Rc1+ 35. Nhf1 Bd4 36. Kh2 f4 37. Rb8+ Kf7 38. Rb7+ Ke6 39. Rb4 fxe3 40.
Nxe3 Be5+ 41. g3 d5 42. Rb6+ Bd6 43. Ng2 Ke5 44. Nf4 Rc2+ 45. Kh1 g5 46. Nh5 e3 0-1

[Event "World Rapid Team 2023"]
[Site "Dusseldorf GER"]
[Date "2023.08.26"]
[Round "3.6"]
[Board "2"]
[White "Arndt, Magnus"]
[Black "Berelowitsch, Alexander"]
[Result "1-0"]
[WhiteTitle "FM"]
[BlackTitle "GM"]
[WhiteElo "2405"]
[BlackElo "2492"]
[WhiteTeam "Doppelbauer Kiel"]
[BlackTeam "Duesseldorfer Schachklub 1914/25 e.V."]
[WhiteFideId "12998656"]
[BlackFideId "14101440"]
[EventDate "2023.08.26"]

1. e4 e6 2. d4 d5 3. Nc3 Nf6 4. Bg5 dxe4 5. Nxe4 Nbd7 6. Nf3 h6 7. Bh4 c5 8.
Bxf6 Nxf6 9. Bb5+ Bd7 10. Bxd7+ Qxd7 11. Nxc5 Bxc5 12. dxc5 Qb5 13. Qd4 Rc8 14.
b4 a5 15. a3 O-O 16. c4 Qa4 17. Qb2 Rfd8 18. O-O Rd3 19. Rfb1 Rcd8 20. h3 Ne4
21. bxa5 Qxa5 22. Ne5 Rd2 23. Qxb7 Ng5 24. Qb6 Qc3 25. Nc6 R8d7 26. Qb3 Qf6 27.
Rf1 R7d3 28. Qb8+ Kh7 29. Ne5 Rd8 30. Qc7 Qf4 31. Rae1 f6 32. g3 Nxh3+ 33. Kg2
Rxf2+ 34. Kxh3 Qf5+ 35. g4 Rd3+ 36. Nxd3 Qf3+ 37. Qg3 Rxf1 38. Rxf1 Qxf1+ 39.
Kh2 Qe2+ 40. Nf2 Qxc4 41. Qd3+ Qxd3 42. Nxd3 1-0

[Event "World Rapid Team 2023"]
[Site "Dusseldorf GER"]
[Date "2023.08.26"]
[Round "3.6"]
[Board "3"]
[White "Levin, Felix"]
[Black "Stegert, Jonas"]
[Result "1-0"]
[WhiteTitle "GM"]
[WhiteElo "2459"]
[BlackElo "1832"]
[WhiteTeam "Duesseldorfer Schachklub 1914/25 e.V."]
[BlackTeam "Doppelbauer Kiel"]
[WhiteFideId "4650905"]
[BlackFideId "16247965"]
[EventDate "2023.08.26"]

1. d4 d5 2. Nf3 Nf6 3. c4 c6 4. Qc2 e6 5. g3 Bb4+ 6. Nbd2 O-O 7. Bg2 dxc4 8. O-O
b5 9. b3 cxb3 10. Nxb3 Bb7 11. Bd2 Bxd2 12. Qxd2 Nbd7 13. Rfc1 Rc8 14. Qb2 Qe7
15. Rc2 c5 16. dxc5 Nxc5 17. Qa3 Nfd7 18. Rac1 Rc7 19. Nfd4 Bxg2 20. Kxg2 Qd6
21. f3 a6 22. Nxc5 Qxd4 23. Nb3 Qe3 24. Rxc7 Qxe2+ 25. Kh3 Ne5 26. Rc8 h5 27.
Rxf8+ Kh7 28. Nd4 Qd2 29. Qc3 g5 30. Qxd2 1-0

[Event "World Rapid Team 2023"]
[Site "Dusseldorf GER"]
[Date "2023.08.26"]
[Round "3.6"]
[Board "4"]
[White "Vollbehr, Bjarne"]
[Black "Meins, Gerlef"]
[Result "0-1"]
[BlackTitle "IM"]
[WhiteElo "1871"]
[BlackElo "2412"]
[WhiteTeam "Doppelbauer Kiel"]
[BlackTeam "Duesseldorfer Schachklub 1914/25 e.V."]
[WhiteFideId "34606025"]
[BlackFideId "4620895"]
[EventDate "2023.08.26"]

1. d4 Nf6 2. c4 e6 3. Nf3 Bb4+ 4. Bd2 Qe7 5. a3 Bxd2+ 6. Nbxd2 a5 7. e4 d6 8.
Be2 e5 9. O-O O-O 10. Qc2 a4 11. dxe5 dxe5 12. c5 Bd7 13. Qc3 Nc6 14. Bb5 Ra5
15. Bxc6 Rxc5 16. Qb4 Bxc6 17. Rac1 Nd7 18. Nc4 b6 19. Ne3 Re8 20. Nf5 Qf8 21.
Rfd1 g6 22. Ne3 Rxc1 23. Qxf8+ Kxf8 24. Rxc1 Nc5 25. Nc4 f6 26. Ncd2 Rd8 27. g3
Ke7 28. b4 axb3 29. Nxb3 Bxe4 30. Nxc5 Bxf3 31. Na6 c5 32. Kf1 Ra8 33. Rc3 Rxa6
34. Rxf3 b5 35. Rb3 Ra5 36. Ke2 Kd6 37. g4 c4 38. Rf3 Kd5 39. Rxf6 Rxa3 40. Rf7
b4 41. Rxh7 Ke4 42. h4 Ra2+ 43. Ke1 b3 44. Rb7 b2 45. h5 gxh5 46. gxh5 Ra1+ 0-1

[Event "World Rapid Team 2023"]
[Site "Dusseldorf GER"]
[Date "2023.08.26"]
[Round "3.6"]
[Board "5"]
[White "Zatonskih, Anna"]
[Black "Braeutigam, Alexander"]
[Result "1-0"]
[WhiteTitle "IM"]
[WhiteElo "2364"]
[BlackElo "1911"]
[WhiteTeam "Duesseldorfer Schachklub 1914/25 e.V."]
[BlackTeam "Doppelbauer Kiel"]
[WhiteFideId "14101572"]
[BlackFideId "16245210"]
[EventDate "2023.08.26"]

1. d4 Nf6 2. c4 e6 3. Nc3 d5 4. cxd5 exd5 5. Bg5 Be7 6. e3 O-O 7. Qc2 h6 8. Bh4
Re8 9. Nf3 c6 10. Bd3 Nbd7 11. O-O Ne4 12. Bxe7 Qxe7 13. Rab1 Ndf6 14. Na4 Bd7
15. b4 Rac8 16. Ne5 Rc7 17. Rfc1 Rec8 18. Nc5 Nd6 19. a4 b6 20. Na6 Rb7 21. Rb2
Nfe4 22. Qe2 f6 23. Nxd7 Qxd7 24. Rbc2 Ng5 25. Qh5 c5 26. bxc5 Qxa4 27. cxd6
Rxc2 28. Bxc2 1-0

[Event "World Rapid Team 2023"]
[Site "Dusseldorf GER"]
[Date "2023.08.26"]
[Round "3.6"]
[Board "6"]
[White "Braeutigam, Katerina"]
[Black "Rudolph, Eva"]
[Result "1-0"]
[WhiteElo "1884"]
[BlackElo "1793"]
[WhiteTeam "Doppelbauer Kiel"]
[BlackTeam "Duesseldorfer Schachklub 1914/25 e.V."]
[WhiteFideId "16242980"]
[BlackFideId "16200594"]
[EventDate "2023.08.26"]

1. e4 c5 2. Nc3 Nc6 3. g3 g6 4. Bg2 Bg7 5. d3 d6 6. f4 e6 7. Nf3 Nge7 8. O-O O-O
9. Be3 a6 10. e5 dxe5 11. Nxe5 Nxe5 12. fxe5 Bxe5 13. Bxc5 Bd4+ 14. Bxd4 Qxd4+
15. Kh1 Nf5 16. Rf4 Qb6 17. Qc1 Bd7 18. Rb1 Bc6 19. Qd2 Rac8 20. Be4 e5 21. Rf2
Nd4 22. a3 Rfd8 23. Qe1 f5 24. Bg2 Bxg2+ 25. Rxg2 Qd6 26. Qe3 Kg7 27. Re1 Re8
28. Kg1 Qb6 29. Na4 Qc6 30. Nc3 b5 31. Rf2 a5 32. Rc1 b4 33. Nb1 Nb3 34. Re1 Nd4
35. Rc1 Qd5 36. axb4 axb4 37. c3 Nb3 38. Rd1 Qb5 39. Qa7+ Kg8 40. Qe3 Rcd8 41.
Re2 Kg7 42. Qa7+ Rd7 43. Qe3 Ree7 44. Rf2 Nc5 45. Rfd2 Nb3 46. Re2 Kf6 47. Qf3
Qb6+ 48. Kg2 Nc5 49. d4 exd4 50. cxd4 Rxe2+ 51. Qxe2 Ne4 52. d5 Qc5 53. Nd2 Nxd2
54. Qxd2 Ke5 55. Qe2+ Kd6 56. Qe6+ Kc7 57. Rd2 Qd6 58. Qe3 Kb7 59. Qd3 Kb6 60.
Qd4+ Qc5 61. Qe5 Qd6 62. Qe3+ Qc5 63. Qd3 Rd6 64. Kf3 Qb5 65. Qd4+ Qc5 66. Kf4
Qxd4+ 67. Rxd4 Kc5 68. Ke5 h6 69. Rd2 Rd8 70. d6 1-0

[Event "World Rapid Team 2023"]
[Site "Dusseldorf GER"]
[Date "2023.08.26"]
[Round "3.7"]
[Board "1"]
[White "Hagner, Bennet"]
[Black "Lubbe, Nikolas"]
[Result "0-1"]
[WhiteTitle "FM"]
[BlackTitle "IM"]
[WhiteElo "2323"]
[BlackElo "2501"]
[WhiteTeam "Mitropa Chess Association"]
[BlackTeam "Team Chessemy.com"]
[WhiteFideId "16224477"]
[BlackFideId "4694031"]
[EventDate "2023.08.26"]

1. e4 c5 2. Nf3 Nc6 3. d4 cxd4 4. Nxd4 Nf6 5. Nc3 d6 6. Bg5 e6 7. Qd3 Nxd4 8.
Qxd4 a6 9. O-O-O Bd7 10. Bc4 Be7 11. Bb3 Bc6 12. f4 O-O 13. h4 h6 14. Qe3 Qa5
15. Qh3 Rfe8 16. Rhe1 Rad8 17. f5 hxg5 18. hxg5 Nxe4 19. Nxe4 Qxf5 20. Qxf5 exf5
21. g6 d5 22. Nc3 Bg5+ 23. Kb1 fxg6 24. Nxd5 Rxe1 25. Nc7+ Kh7 26. Rxe1 Bh4 27.
Rh1 g5 28. Ne6 Rd6 29. Nxg5+ Kg6 30. Nf7 Rd4 31. Ne5+ Kg5 32. Nxc6 bxc6 33. c3
Rg4 34. Rh2 Bg3 35. Rh7 Be5 36. Bd1 Rxg2 37. Bf3 Rg1+ 38. Kc2 c5 39. Rh5+ Kf6
40. Rh8 g5 41. Rh6+ Kg7 42. Re6 Bf6 43. Rxa6 g4 44. Bd5 f4 45. Ra4 Be5 46. Ra7+
Kg6 47. a4 f3 48. Re7 Bf4 49. a5 Ra1 50. Ra7 f2 51. Bg2 Kg5 52. a6 Kh4 53. b4
Kg3 0-1

[Event "World Rapid Team 2023"]
[Site "Dusseldorf GER"]
[Date "2023.08.26"]
[Round "3.7"]
[Board "2"]
[White "Koellner, Ruben Gideon"]
[Black "Perossa, Nicolas"]
[Result "1-0"]
[WhiteTitle "IM"]
[WhiteElo "2478"]
[BlackElo "2265"]
[WhiteTeam "Team Chessemy.com"]
[BlackTeam "Mitropa Chess Association"]
[WhiteFideId "12993093"]
[BlackFideId "2850520"]
[EventDate "2023.08.26"]

1. d4 d6 2. Nf3 Nf6 3. Nbd2 Bf5 4. h3 h6 5. g4 Bh7 6. Bg2 c6 7. c3 Nbd7 8. O-O
Qc7 9. Nh4 e5 10. e4 g5 11. Nf5 Bxf5 12. exf5 h5 13. Re1 hxg4 14. hxg4 O-O-O 15.
Nf1 Be7 16. Be3 e4 17. f3 d5 18. c4 Bd6 19. cxd5 Nxd5 20. fxe4 Bh2+ 21. Kf2 Nxe3
22. Rxe3 Qf4+ 23. Qf3 Nf6 24. Qxf4 gxf4 25. Rd3 Nxg4+ 26. Ke2 Bg1 27. Bf3 Nh2
28. Rad1 Nxf1 29. Kxf1 Be3 30. Rxe3 fxe3 31. Ke2 Rh2+ 32. Kxe3 Rxb2 33. e5 f6
34. e6 Rxa2 35. Bh5 Rh2 36. Bg6 Rh3+ 37. Ke2 Rg8 38. d5 cxd5 39. Rxd5 Rg7 40.
Rc5+ Kb8 41. Kf2 Rd3 42. Bf7 Rxf7 43. exf7 Rd8 44. Rd5 Rf8 45. Rd7 a5 46. Ke3
Ka7 47. Kd4 Kb6 48. Kd5 a4 49. Ke6 Kc6 50. Rd1 b5 51. Ke7 Rxf7+ 52. Kxf7 b4 53.
Kxf6 b3 54. Rb1 Kc5 55. Ke6 Kb4 56. f6 a3 57. f7 a2 58. f8=Q+ Kc3 59. Qf6+ Kc4
60. Rc1+ 1-0

[Event "World Rapid Team 2023"]
[Site "Dusseldorf GER"]
[Date "2023.08.26"]
[Round "3.7"]
[Board "3"]
[White "Dordevic, Tom"]
[Black "Carlstedt, Jonathan"]
[Result "1/2-1/2"]
[BlackTitle "IM"]
[WhiteElo "1998"]
[BlackElo "2453"]
[WhiteTeam "Mitropa Chess Association"]
[BlackTeam "Team Chessemy.com"]
[WhiteFideId "16260503"]
[BlackFideId "24614386"]
[EventDate "2023.08.26"]

1. Nf3 d5 2. d4 Nf6 3. c4 e6 4. Nc3 c5 5. cxd5 exd5 6. g3 Nc6 7. Bg2 cxd4 8.
Nxd4 Bc5 9. Nb3 Bb6 10. O-O d4 11. Na4 O-O 12. Bg5 h6 13. Nxb6 axb6 14. Bxf6
Qxf6 15. Bxc6 bxc6 16. Qxd4 Qd8 17. Rfd1 Qc7 18. Qd6 Qb7 19. Nd4 c5 20. Nc6 Bh3
21. Qd5 Rfe8 22. Ne5 Qe7 23. f4 Rad8 24. Qb3 Qb7 25. Qf3 Qxf3 26. exf3 Rxd1+ 27.
Rxd1 f6 28. Nd3 Re2 29. Nf2 Be6 30. Rd6 Bc4 31. Nd1 Kf8 32. b3 Bf7 33. Nc3 Rc2
34. Ne4 b5 35. Rb6 b4 36. Rc6 Bd5 37. Rc7 Rxa2 38. Nxc5 g5 39. Nd7+ Ke7 40. Nb6+
Kd6 41. Nxd5 Kxd5 42. Rc4 Ra1+ 43. Kg2 Ra2+ 44. Kh3 Rf2 45. Rxb4 Rxf3 46. Rb6
gxf4 47. Rxf6 Rxb3 48. Rxf4 Ke5 49. Kg4 Rb2 50. Rf5+ Ke4 51. Rf4+ Ke5 52. h4 Rb6
53. Kh5 Rb8 54. Rg4 Kf5 55. Rg6 Rh8 56. g4+ Kf4 57. Rxh6 Rg8 58. g5 Ke5 59. Rh7
Ke6 60. Kh6 Ra8 61. h5 Rf8 62. g6 Kf6 63. Ra7 Rh8+ 64. Rh7 Rf8 65. g7 Rg8 66.
Rh8 Kf7 67. Kh7 Rxg7+ 68. Kh6 Rg8 69. Rh7+ Kf6 70. Ra7 Rh8+ 71. Rh7 Rg8 72. Ra7 1/2-1/2

[Event "World Rapid Team 2023"]
[Site "Dusseldorf GER"]
[Date "2023.08.26"]
[Round "3.7"]
[Board "4"]
[White "Rafiee, Makan"]
[Black "Peglau, Charis"]
[Result "1-0"]
[WhiteTitle "FM"]
[BlackTitle "WFM"]
[WhiteElo "2279"]
[BlackElo "2094"]
[WhiteTeam "Team Chessemy.com"]
[BlackTeam "Mitropa Chess Association"]
[WhiteFideId "24609340"]
[BlackFideId "16219996"]
[EventDate "2023.08.26"]

1. e4 c6 2. d4 d5 3. Nc3 dxe4 4. Nxe4 Nd7 5. Ng5 Ngf6 6. Bd3 h6 7. Ne6 Qb6 8.
Nf3 fxe6 9. Bg6+ Kd8 10. O-O Qb5 11. b3 b6 12. a4 Qa6 13. Bf4 Bb7 14. Bd2 Bc8
15. a5 b5 16. c4 bxc4 17. bxc4 Qxc4 18. a6 Bxa6 19. Re1 Bb5 20. Ba5+ Kc8 21. Qd2
Kb7 22. Bf7 Qd3 23. Qb2 g5 24. Re3 Qh7 25. Bxe6 a6 26. Rc1 Rc8 27. Qc3 g4 28.
Ne5 Nxe5 29. dxe5 Ne4 30. Qd4 Nd6 31. Bxc8+ Kxc8 32. exd6 exd6 33. Re8+ Kd7 34.
Rd8+ Ke6 35. Re1+ Kf5 36. Qe4+ Kg5 37. Bd2+ Kh5 38. Qf4 Bg7 39. h3 Qg6 40. Rxd6
Qg5 41. Qf7+ Kh4 42. Bxg5+ hxg5 43. Qxg7 1-0

[Event "World Rapid Team 2023"]
[Site "Dusseldorf GER"]
[Date "2023.08.26"]
[Round "3.7"]
[Board "5"]
[White "Peglau, Dora"]
[Black "Lubbe, Melanie"]
[Result "0-1"]
[BlackTitle "WGM"]
[WhiteElo "2052"]
[BlackElo "2256"]
[WhiteTeam "Mitropa Chess Association"]
[BlackTeam "Team Chessemy.com"]
[WhiteFideId "16220005"]
[BlackFideId "4690745"]
[EventDate "2023.08.26"]

1. d4 Nf6 2. c4 g6 3. Nc3 Bg7 4. e4 d6 5. Be2 O-O 6. Nf3 e5 7. dxe5 dxe5 8. Bg5
c6 9. O-O Qe7 10. Qc2 h6 11. Be3 Ng4 12. Bd2 f5 13. exf5 gxf5 14. h3 Nf6 15. Nh4
Qe6 16. Rad1 Nh7 17. c5 Qf6 18. Nf3 Be6 19. b4 Na6 20. Bxa6 bxa6 21. Rfe1 e4 22.
Nh2 Ng5 23. Ne2 Qf7 24. h4 Nh7 25. Bc3 Nf6 26. Rd2 Nd5 27. Bxg7 Qxg7 28. a3 Kh7
29. Nd4 Bd7 30. Kh1 Rae8 31. Nf1 Nf4 32. g3 Nd3 33. Re3 Qxd4 34. Rexd3 exd3 35.
Rxd3 Qg7 36. Ne3 Be6 37. Rd6 Kh8 38. Rxc6 f4 0-1

[Event "World Rapid Team 2023"]
[Site "Dusseldorf GER"]
[Date "2023.08.26"]
[Round "3.7"]
[Board "6"]
[White "Rennkamp, David"]
[Black "Peglau, Paul David"]
[Result "0-1"]
[WhiteElo "1738"]
[BlackElo "1768"]
[WhiteTeam "Team Chessemy.com"]
[BlackTeam "Mitropa Chess Association"]
[WhiteFideId "16249526"]
[BlackFideId "16290550"]
[EventDate "2023.08.26"]

1. e4 c6 2. d4 d5 3. Nd2 dxe4 4. Nxe4 Nd7 5. c3 Ngf6 6. Nxf6+ Nxf6 7. Nf3 Bf5 8.
Bd3 Bg6 9. O-O e6 10. Bg5 Be7 11. Re1 O-O 12. Ne5 Bxd3 13. Qxd3 h6 14. Bh4 Nd5
15. Bxe7 Qxe7 16. c4 Nf6 17. Rad1 Rfd8 18. Qc3 Qc7 19. Nf3 c5 20. b3 Rac8 21.
Qc2 cxd4 22. Nxd4 Qf4 23. Ne2 Qe4 24. Qxe4 Nxe4 25. f3 Nc5 26. Nc3 a6 27. Kf1
Nd3 28. Re3 Nb4 29. Rxd8+ Rxd8 30. Ke2 Nc2 31. Rd3 Rxd3 32. Kxd3 Ne1+ 33. Kd4
Nxg2 34. Kc5 Ne1 35. Kb6 Nxf3 36. Kxb7 f5 37. c5 Ne5 38. c6 Nxc6 39. Kxc6 g5 40.
Kd6 Kf7 41. Ke5 h5 42. Ne2 h4 43. b4 Ke7 44. Nd4 f4 45. Nf3 g4 46. Ng1 f3 0-1

[Event "World Rapid Team 2023"]
[Site "Dusseldorf GER"]
[Date "2023.08.26"]
[Round "3.8"]
[Board "1"]
[White "Rodshtein, Maxim"]
[Black "Van Dael, Siem"]
[Result "1/2-1/2"]
[WhiteTitle "GM"]
[BlackTitle "FM"]
[WhiteElo "2606"]
[BlackElo "2285"]
[WhiteTeam "Rishon LeZion Chess Club"]
[BlackTeam "Blerickse Schaakvereniging"]
[WhiteFideId "2806851"]
[BlackFideId "1049771"]
[EventDate "2023.08.26"]

1. d4 Nf6 2. c4 g6 3. Nc3 Bg7 4. e4 d6 5. h3 e5 6. d5 a5 7. Be3 Na6 8. Nf3 O-O
9. g4 h5 10. g5 Nh7 11. Rg1 Bd7 12. Nd2 Nc5 13. Qf3 a4 14. h4 b6 15. O-O-O a3
16. b3 Qc8 17. Qe2 Qa6 18. Kb1 Qa5 19. Rc1 Rfb8 20. f3 Nf8 21. Qd1 Na6 22. Nb5
Rb7 23. Qc2 Kh7 24. Qc3 Qxc3 25. Nxc3 Nb4 26. Nd1 c5 27. dxc6 Nxc6 28. Nc3 Ne6
29. Bh3 Ned4 30. Bxd7 Rxd7 31. Nd5 Rb7 32. Rg2 Rab8 33. Rf2 Ne6 34. Nf1 Ncd4 35.
Nd2 Nc6 36. Rc3 Ncd4 37. Kc1 Rc8 38. Kd1 b5 39. cxb5 Rxc3 40. Nxc3 Nxb5 41. Nxb5
Rxb5 42. Nc4 d5 43. Nd6 Ra5 44. exd5 Rxd5+ 45. Rd2 Nd4 46. Ne4 Nf5 47. Bf2 Nd4
48. f4 exf4 49. b4 f3 50. Rd3 Rf5 51. Nd6 Rf4 52. b5 Bf8 53. Rxd4 Rxd4+ 54. Bxd4
Bxd6 55. b6 Kg8 56. b7 Bb8 57. Ke1 Kf8 58. Bc5+ Ke8 59. Kf2 Kd7 60. Kxf3 Kc6 61.
Bxa3 Kxb7 62. Bc1 Kc6 63. Bf4 Ba7 64. Be3 Bb8 65. a4 Bc7 66. Bd2 Bd8 67. Bc3 Bc7
68. Be1 Bd8 69. Bc3 Bc7 70. Be1 Bd8 1/2-1/2

[Event "World Rapid Team 2023"]
[Site "Dusseldorf GER"]
[Date "2023.08.26"]
[Round "3.8"]
[Board "2"]
[White "Heinert, Eugen"]
[Black "Zanan, Evgeny"]
[Result "0-1"]
[BlackTitle "GM"]
[WhiteElo "2121"]
[BlackElo "2470"]
[WhiteTeam "Blerickse Schaakvereniging"]
[BlackTeam "Rishon LeZion Chess Club"]
[WhiteFideId "24621390"]
[BlackFideId "24101940"]
[EventDate "2023.08.26"]

1. c4 e5 2. g3 Nc6 3. Bg2 g6 4. Nc3 Bg7 5. a3 a5 6. Rb1 d6 7. b4 axb4 8. axb4 f5
9. d3 Nf6 10. Nf3 O-O 11. O-O h6 12. b5 Ne7 13. Bb2 g5 14. Ra1 Rb8 15. Ra7 b6
16. Ne1 h5 17. Nd5 Nexd5 18. cxd5 f4 19. Qc2 Rf7 20. Nf3 Ne8 21. Rfa1 Bg4 22.
Qc6 Bd7 23. Qc4 Qf6 24. Ra8 Rxa8 25. Rxa8 Rf8 26. gxf4 gxf4 27. Nd2 Kh8 28. d4
Qg6 29. Kh1 Rg8 30. Ra1 Bf6 31. Be4 Qg7 32. Qd3 exd4 33. Nb3 Be5 34. Bxd4 Nf6
35. Bf3 Bh3 0-1

[Event "World Rapid Team 2023"]
[Site "Dusseldorf GER"]
[Date "2023.08.26"]
[Round "3.8"]
[Board "3"]
[White "Bronstein, Or"]
[Black "Fowler, Gordon"]
[Result "1-0"]
[WhiteTitle "IM"]
[WhiteElo "2459"]
[BlackElo "1995"]
[WhiteTeam "Rishon LeZion Chess Club"]
[BlackTeam "Blerickse Schaakvereniging"]
[WhiteFideId "2815770"]
[BlackFideId "12915173"]
[EventDate "2023.08.26"]

1. d4 Nf6 2. c4 c5 3. d5 b5 4. cxb5 a6 5. bxa6 Bxa6 6. Nc3 d6 7. Nf3 g6 8. e4
Bxf1 9. Kxf1 Bg7 10. g3 O-O 11. Kg2 Na6 12. Bf4 Nd7 13. h4 Qb6 14. Rb1 Nc7 15.
h5 Rfb8 16. hxg6 hxg6 17. Qd2 Nb5 18. Bh6 Bf6 19. Bg5 Bg7 20. Nxb5 Qxb5 21. Qf4
Re8 22. Bh6 Bf6 23. a3 Ra4 24. Qg4 Ne5 25. Nxe5 Bxe5 26. b4 Qd3 27. Qh4 f5 28.
Rbe1 fxe4 29. Rxe4 Qxd5 30. Be3 Bg7 31. Qh7+ Kf8 32. Rh4 e5 33. Qxg6 Re6 34.
Qf5+ Kg8 35. Qh7+ Kf8 36. Rg4 Re7 37. Bh6 Qg8 38. Qf5+ 1-0

[Event "World Rapid Team 2023"]
[Site "Dusseldorf GER"]
[Date "2023.08.26"]
[Round "3.8"]
[Board "4"]
[White "Bergmans, Dirk"]
[Black "Efroimski, Marsel"]
[Result "0-1"]
[BlackTitle "IM"]
[WhiteElo "2015"]
[BlackElo "2439"]
[WhiteTeam "Blerickse Schaakvereniging"]
[BlackTeam "Rishon LeZion Chess Club"]
[WhiteFideId "1042327"]
[BlackFideId "2810964"]
[EventDate "2023.08.26"]

1. d4 d5 2. Bf4 Nf6 3. e3 c5 4. c3 Nc6 5. Nd2 Bf5 6. Qb3 Qd7 7. Ngf3 c4 8. Qd1
Ne4 9. Nxe4 Bxe4 10. Nd2 Bg6 11. Be2 f6 12. O-O e5 13. Bg3 Be7 14. a4 O-O 15.
dxe5 Rad8 16. exf6 Bxf6 17. Nf3 Na5 18. Nd4 Bxd4 19. exd4 Be4 20. Bg4 Qf7 21. f3
Bd3 22. Re1 Rfe8 23. Be5 h5 24. Bh3 b6 25. Re3 g5 26. Qe1 Qg6 27. g3 Nc6 28. Bg2
Ne7 29. Qf2 Nf5 30. Ree1 h4 31. Bf1 hxg3 32. hxg3 Bxf1 33. Kxf1 Rd7 34. Kg2 Rh7
35. Rh1 Ree7 36. Rxh7 Rxh7 37. Rh1 Rxh1 38. Kxh1 Kf7 39. Kg1 Ne7 40. Qd2 Qf5 41.
Kg2 Kg6 42. Qe2 Kf7 43. Bd6 Nc6 44. f4 g4 45. Kf2 a6 46. Bc7 b5 47. axb5 axb5
48. Bd6 Qh5 49. Kg1 Qg6 50. Bc5 Qe6 51. Qc2 Kg7 52. Kf2 Nd8 53. Qe2 Qxe2+ 54.
Kxe2 Kg6 55. Kd2 Ne6 56. Ke3 Ng7 57. Ba3 Nh5 58. Kf2 Kf5 59. Be7 Ke4 60. Bd8 Ng7
61. Be7 Nf5 62. Ba3 Kd3 63. Kg2 Ke2 64. Bc5 Ne3+ 65. Kh2 Kf3 66. Bd6 Nf1+ 67.
Kg1 Nxg3 68. Be5 Ne2+ 0-1

[Event "World Rapid Team 2023"]
[Site "Dusseldorf GER"]
[Date "2023.08.26"]
[Round "3.8"]
[Board "5"]
[White "Lahav, Michal"]
[Black "Alonso, Jose Antonio"]
[Result "1-0"]
[WhiteTitle "WIM"]
[WhiteElo "2193"]
[BlackElo "1836"]
[WhiteTeam "Rishon LeZion Chess Club"]
[BlackTeam "Blerickse Schaakvereniging"]
[WhiteFideId "2813742"]
[BlackFideId "16213130"]
[EventDate "2023.08.26"]

1. c4 Nf6 2. Nc3 e6 3. g3 c6 4. Bg2 d5 5. b3 Bb4 6. Bb2 O-O 7. e3 Nbd7 8. d4 Qa5
9. Ne2 dxc4 10. bxc4 Rd8 11. Qb3 Rb8 12. O-O Bxc3 13. Bxc3 Qc7 14. Rfd1 c5 15.
Rac1 b6 16. Qa3 cxd4 17. Nxd4 Bb7 18. Qxa7 Nc5 19. Nb5 Qe7 20. Be5 Ra8 21. Qxb6
Bxg2 22. Kxg2 Ncd7 23. Qb7 Qc5 24. Bd6 Qf5 25. a3 Ne4 26. Bf4 g5 27. Nd4 Qg4 28.
Qxe4 gxf4 29. Qxf4 Qxf4 30. gxf4 Nf6 31. Nb5 Rdc8 32. Kf3 Ra4 33. Rd4 Ra5 34.
Rcd1 Kg7 35. Rg1+ Kf8 36. Rgd1 Kg7 37. Rg1+ Kf8 38. Rg5 Ra4 39. Nd6 Rc6 40. Rb5
Ne8 41. Rb8 Rxd6 42. Rxd6 Ke7 43. Rdd8 Nf6 44. Rdc8 Rxa3 45. Rb7+ Kd6 46. Rxf7
Nd7 47. Rd8 Ra7 48. Ke4 Kc6 49. Rdxd7 Rxd7 50. Rxd7 Kxd7 1-0

[Event "World Rapid Team 2023"]
[Site "Dusseldorf GER"]
[Date "2023.08.26"]
[Round "3.8"]
[Board "6"]
[White "Hartjes, Jenny"]
[Black "Bulkovstein, David"]
[Result "0-1"]
[WhiteElo "1685"]
[BlackElo "1766"]
[WhiteTeam "Blerickse Schaakvereniging"]
[BlackTeam "Rishon LeZion Chess Club"]
[WhiteFideId "16222334"]
[BlackFideId "2834707"]
[EventDate "2023.08.26"]

1. d4 Nf6 2. Nf3 e6 3. c4 d5 4. Nc3 a6 5. e3 dxc4 6. Bxc4 b5 7. Bb3 c5 8. dxc5
Qxd1+ 9. Bxd1 Bxc5 10. O-O Bb7 11. a3 Nbd7 12. b4 Be7 13. Bb2 O-O 14. Nd4 Ne5
15. Be2 Rac8 16. Rac1 Nc4 17. Bxc4 Rxc4 18. Nce2 Rfc8 19. Rxc4 Rxc4 20. Rc1
Rxc1+ 21. Nxc1 Nd5 22. Ndb3 Nb6 23. Nd2 f6 24. Ncb3 e5 25. f3 Na4 26. Ba1 Bd8
27. f4 Bb6 28. Kf1 Bxe3 29. fxe5 fxe5 30. Bxe5 g6 31. g3 Kf7 32. Ke2 Bh6 33. Nf3
Nb6 34. Nc5 Bc8 35. Nd2 Bxd2 36. Kxd2 Nc4+ 37. Kc3 Nxe5 38. Ne4 Ke7 39. Ng5 h6
40. Ne4 Nc4 41. Kb3 Nd6 42. Nc5 Kf6 43. a4 Ke5 44. axb5 axb5 45. Kc3 Ne4+ 46.
Nxe4 Kxe4 47. Kb3 Kf3 0-1